Famous Smiles - Picture Quiz - Statistics

General Stats
  • This quiz has been taken 326 times
  • The average score is 7 of 15
Answer Stats
Picture Answer % Correct
Barack Obama
91%
Johnny Depp
68%
Pope Francis
67%
Tom Cruise
65%
Paris Hilton
56%
Charlie Chaplin
55%
Justin Bieber
53%
Angelina Jolie
49%
LeBron James
47%
Madonna
37%
Novak Djoković
37%
Chris Rock
33%
Mel Gibson
29%
Rihanna
28%
Bill Gates
6%
No matching quizzes found
Score Distribution
Percent of People with Each Score
Percentile by Number Answered
Your Score History
You have not taken this quiz